Occasions of identity : a study in the metaphysics of persistence, change, and sameness /
Occasions of Identity is an exploration of timeless philosophical issues about persistence, change, time, and sameness. Andre Gallois offers a critical survey of various rival views about the nature of identity and change, and puts forward his own original theory in the face of the prevailing orthod...
Saved in:
| Main Author: | |
|---|---|
| Format: | Book |
| Language: | English |
| Published: |
New York :
Clarendon Press,
1998.
|
| Subjects: | |
| Tags: |
Add Tag
No Tags, Be the first to tag this record!
|
| LEADER | 01976nam a22002658a 4500 | ||
|---|---|---|---|
| 001 | 007715686-2 | ||
| 005 | 20020606104010.5 | ||
| 008 | 970710s1998 nyu b 001 0 eng | ||
| 010 | |a 97024226 | ||
| 020 | |a 0198237448 (alk. paper) | ||
| 035 | 0 | |a ocm37310695 | |
| 040 | |a DLC |c DLC | ||
| 050 | 0 | 0 | |a BD236 |b .G35 1997 |
| 082 | 0 | 0 | |a 111/.82 |2 21 |
| 100 | 1 | |a Gallois, André. | |
| 245 | 1 | 0 | |a Occasions of identity : |b a study in the metaphysics of persistence, change, and sameness / |c by André Gallois. |
| 260 | |a New York : |b Clarendon Press, |c 1998. | ||
| 300 | |a xiii, 296 p. ; |c 23 cm. | ||
| 504 | |a Includes bibliographical references and index. | ||
| 505 | 0 | 0 | |g pt. I. |t The Problem and Some Solutions. |g 1. |t Puzzle Cases. |g 2. |t Solutions to the Puzzle Cases -- |g pt. II. |t Occasional Identities. |g 3. |t Occasional Identities: A Preliminary Account. |g 4. |t Counting Amoebas. |g 5. |t Extending the Occasional Identity Thesis. |g 6. |t Defending the Contingency of Identity. |g 7. |t Perry and Myro on Occasional Identities -- |g pt. III. |t Alternative Accounts. |g 8. |t Identity Strict and Loose. |g 9. |t Indefinite Identities. |g 10. |t The Four-Dimensional World. |
| 520 | |a Occasions of Identity is an exploration of timeless philosophical issues about persistence, change, time, and sameness. Andre Gallois offers a critical survey of various rival views about the nature of identity and change, and puts forward his own original theory in the face of the prevailing orthodoxy. He argues that it is coherent and helpful to suppose that things can be identical at one time, but distinct at another - in other words, that there are genuine occasional identities. Gallois defends this view against objections, demonstrates how it can solve puzzles about persistence dating back to the Ancient Greeks, and investigates the metaphysical consequences of rejecting the necessity and eternity of identities. | ||
| 650 | 0 | |a Identity (Philosophical concept) | |
| 650 | 0 | |a Change. | |
| 988 | |a 20020608 | ||
| 906 | |0 DLC | ||


